| 000 | 00462nam a22001697a 4500 | ||
|---|---|---|---|
| 003 | PILC | ||
| 005 | 20150112093425.0 | ||
| 008 | 130218t xxu||||| |||| 00| 0 eng d | ||
| 020 | _a978971370055 | ||
| 050 |
_aQA 76.73.C15 _b.At875 1990 |
||
| 082 |
_aCSF 005.13 _bAt5 1990 |
||
| 245 |
_aUsing C / _cLeeAtkinson,Mark Atkinson. |
||
| 260 |
_aCainta, Rizal _bJemma _c1990. |
||
| 300 |
_a945 pages : _bill. _c21 cm. |
||
| 500 | _aIncludes index. | ||
| 942 |
_2lcc _cBK |
||
| 999 |
_c14190 _d14190 |
||